000 00635nam a22002057a 4500
003 OSt
005 20230126153658.0
008 220916b |||||||| |||| 00| 0 eng d
020 _a1 883967 10 4
040 _cBiblioteca Lado V
082 _a708
_bV647c
100 _9655
_aVicuña, Cecilia
_eautora
245 _aCloud-Net/
260 _aNew York
_bArt in General, Inc.
_c1999
300 _a108p.
_c21x26cm
650 _2Tesauro de Arte & Arquitectura
_aCATALOGO
650 _2Tesauro de Arte & Arquitectura
_aARTE
650 _2Tesauro de Arte & Arquitectura
_aEXPOSICIONES
942 _2ddc
_c1
_h708
_iV647c
_n0
999 _c2934
_d2934